Directori industri kimia Indonesia 2011/ 2012.
| Format: | Book |
|---|---|
| Published: |
Jakarta:
Federasi Industri Kimia Indonesia,
2011.
|
| Subjects: |
| LEADER | 00447cam a2200133 7i4500 | ||
|---|---|---|---|
| 001 | 0000029015 | ||
| 005 | 20130221090000.0 | ||
| 090 | 0 | 0 | |a INDO 338.4766025 |b DIR |
| 245 | 0 | 0 | |a Directori industri kimia Indonesia 2011/ 2012. |
| 260 | 0 | 0 | |a Jakarta: |b Federasi Industri Kimia Indonesia, |c 2011. |
| 300 | # | # | |a 364 p. |
| 650 | 0 | 0 | |a Chemical industry -- |x Directories -- |z Indonesia |
| 651 | 0 | 0 | |a Indonesia |
| 999 | |a 0000031373 |b Directories |c Countries |e Business Information Centre | ||